Phan Đình Phùng /
שמור ב:
| מחבר ראשי: | |
|---|---|
| פורמט: | ספר |
| שפה: | Vietnamese |
| יצא לאור: |
Tp.HCM :
Văn hoá Thông tin ,
1936
|
| נושאים: | |
| תגים: |
הוספת תג
אין תגיות, היה/י הראשונ/ה לתייג את הרשומה!
|
| Thư viện lưu trữ: | Thư viện Trường CĐ Kỹ Thuật Cao Thắng |
|---|
| LEADER | 00677nam a2200205 a 4500 | ||
|---|---|---|---|
| 001 | TVCDKTCT1802 | ||
| 003 | Thư viện trường Cao đẳng Kỹ thuật Cao Thắng | ||
| 005 | 20151112155820.7 | ||
| 008 | 050810 | ||
| 980 | \ | \ | |a Thư viện Trường CĐ Kỹ Thuật Cao Thắng |
| 024 | |a RG_1 #1 eb0 i1 | ||
| 041 | 0 | # | |a vie |
| 082 | # | # | |a 959.97 / |b Đ108N-p |
| 100 | 1 | # | |a Đào Trinh Nhất |
| 245 | 0 | 0 | |a Phan Đình Phùng / |c Đào Trinh Nhất |
| 260 | # | # | |a Tp.HCM : |b Văn hoá Thông tin , |c 1936 |
| 300 | # | # | |a 269tr. ; |c 20 cm |
| 650 | # | 4 | |a Lịch sử Việt Nam thế kỷ XIX |
| 650 | # | 4 | |a Phan Đình Phùng |
| 841 | # | # | |b Kho Sách |j 100006830 |